Govt. of
Madhya Pradesh

INDIA 50 Years of Independence, 1947-97 Status, Growth & Development (Record no. 1166)

MARC details
000 -LEADER
fixed length control field 005420000a22001930004500
001 - CONTROL NUMBER
control field 001171
003 - CONTROL NUMBER IDENTIFIER
control field MACL
005 - DATE AND TIME OF LATEST TRANSACTION
control field 20150712151018.0
008 - FIXED-LENGTH DATA ELEMENTS--GENERAL INFORMATION
fixed length control field 150712b xxu||||| |||| 00| 0 eng d
040 ## - CATALOGING SOURCE
Original cataloging agency MACL
Transcribing agency MACL
041 ## - LANGUAGE CODE
Language code of text/sound track or separate title English
082 ## - DEWEY DECIMAL CLASSIFICATION NUMBER
Classification number 320/MAS
100 ## - MAIN ENTRY--PERSONAL NAME
Personal name Massey, James
9 (RLIN) 1933
245 ## - TITLE STATEMENT
Title INDIA 50 Years of Independence, 1947-97 Status, Growth & Development
Remainder of title Dalits Issues and Concerns
Statement of responsibility, etc. James Massey
260 ## - PUBLICATION, DISTRIBUTION, ETC. (IMPRINT)
Place of publication, distribution, etc. Delhi
Date of publication, distribution, etc. 1998
Name of publisher, distributor, etc. BR Publications,
350 ## - PRICE (NR) (BK AM CF MU VM SE) [OBSOLETE]
Price 280
650 ## - SUBJECT ADDED ENTRY--TOPICAL TERM
Topical term or geographic name as entry element Political Science
9 (RLIN) 88
942 ## - ADDED ENTRY ELEMENTS (KOHA)
Call number prefix 320
Koha item type Books
Source of classification or shelving scheme
Holdings
Withdrawn status Lost status Source of classification or shelving scheme Damaged status Not for loan Home library Current library Date acquired Cost, normal purchase price Total Checkouts Full call number Barcode Date last seen Uniform Resource Identifier Price effective from Koha item type
          MACL MACL 15/04/2015 280.00   320/MAS CRE012278 02/05/2024 1170 15/04/2015 Books